000 00640nam a2200241Ia 4500
003 OSt
005 20220928105555.0
006 a|||||r|||| 00| 0
007 ta
008 220927b |||||||| |||| 00| 0 eng d
024 _a33918
037 _cTextual
040 _aSDCL
_cSDCL
_beng
041 _2eng
_aeng
082 _aO152:g, P7
100 _aArora Harish
_9398364
245 0 _aSrijnatmak lekhan.
260 _aGaziabad
_bTarun Prakashan
_c2007
300 _a368p.
_ccm.
700 _a Singh Anil Kumar
_9391158
942 _hO152:g, P7
_cTEXL
_2CC
999 _c731725
_d731725